00300nam a2200133Ia 45000030006000000080041000060400015000471000018000622450026000802500011001062600020001175460012001370050017001490STCL150530s9999 xx 000 0 und d aSTCLcSTCL aBradlay, A.C. aShakespearian tragedy aSecond bMacmillanc1952 aEnglish20220125170953.0